| 000 | 00485nam a22001697a 4500 | ||
|---|---|---|---|
| 003 | NUST | ||
| 005 | 20220802190320.0 | ||
| 008 | 220802b ||||| |||| 00| 0 eng d | ||
| 020 | _a9780988972605 | ||
| 038 | _aAzhar | ||
| 082 |
_a378.155 _bGAN |
||
| 100 |
_aGangestad, Joseph W. _996367 |
||
| 245 |
_aGood Grad! _ba practical guide to graduate school in the science and engineering _cJoseph W. Gangestad |
||
| 260 |
_aUSA _bTesseral press _c2013 |
||
| 300 | _a215p | ||
| 942 |
_2ddc _cLC |
||
| 999 |
_c590767 _d590767 |
||